Trejdingovyje kompanii Brazilii.

Vytváranie tradingových spoločností v Brazílii podľa vzoru japonských obchodných domov. Vytváranie obchodných spoločností dvomi cestami: na odbyt výrobkov veľkých priemyslových spoločností, ktoré si zakladajú vlastné tradingové spoločnosti a cestou združenia obchodníkov. Výhody financovania tradingo...

ver descrição completa

Na minha lista:
Detalhes bibliográficos
Autor principal: Bunegina, I.
Formato: Capítulo de Livro
Idioma:russo
Assuntos:
Tags: Adicionar Tag
Sem tags, seja o primeiro a adicionar uma tag!

MARC

LEADER 00000naa a2200000 4500
001 r002257
005 20220819193024.5
041 0 |a rus 
044 |a [SU] 
245 1 0 |a Trejdingovyje kompanii Brazilii.  |c I. Bunegina 
520 |a Vytváranie tradingových spoločností v Brazílii podľa vzoru japonských obchodných domov. Vytváranie obchodných spoločností dvomi cestami: na odbyt výrobkov veľkých priemyslových spoločností, ktoré si zakladajú vlastné tradingové spoločnosti a cestou združenia obchodníkov. Výhody financovania tradingových spoločností. Štátne a súkromné spoločnosti. 
610 2 0 |a spoločnosti obchodné 
610 2 0 |a Brazília 
610 2 0 |a domy obchodné 
610 2 0 |a odbyt 
610 2 0 |a financovanie podnikov 
610 2 0 |a vývoz 
100 1 |a Bunegina, I.